LEADER 01236nam a2200253 i 4500 001 000000035959 003 CaOOAMICUS 005 20100521000000.0 008 100521s1990 it u000 u ita u 013 $a4931 020 $a88-7098-088-X 040 $aSeMil$bita 245 13$aUn laboratorio pastorale nella chiesa locale :$b3. Consiglio Pastorale della Diocesi di Milano : documenti e riflessioni /$ca cura di Marco Vergottini. 260 $aMilano :$bCentro Ambrosiano,$c1990. 300 $a307 p. ;$c24 cm. 650 4$aConsiglio pastorale diocesano.$0(OLS)http://semarc/subject/6690 650 4$aMilano (Arcidiocesi) - Consiglio pastorale diocesano.$0(OLS)http://semarc/subject/6691 700 1 $aVergottini, Marco,$d <1956- >.$0(OLS)http://semarc/name/3901 850 $aSeMil 852 $aSeMil$W1$xVenegono$y1$m2F IV 230$j2114$B2114$CSeMilBibl$Z2$F2114 $81 961 $aAcquisto: Centro Vendite Curia 996 $6020$a88-7098-088-X$9(OLS)http://semarc/number/4394 996 $6245$aUn laboratorio pastorale nella chiesa locale :$b3. Consiglio Pastorale della Diocesi di Milano : documenti e riflessioni$9(OLS)http://semarc/title/49499 996 $6260$aMilano :$bCentro Ambrosiano$9(OLS)http://semarc/publisher/29766 LEADER 00933nam a2200229 i 4500 001 000000201722 003 CaOOAMICUS 005 20110504000000.0 008 110504s1825 it u000 u ita u 013 $a180428 026 $arei- lae- here edfi (3) 1825 (A) 040 $aSeMil$bita 245 10$aIstruzione per l'insegnamento della geografia e storia. 260 $aMilano :$bDall'Imp. Regia Stamperia,$c1825. 300 $a48 p. ;$c8°. 710 2 $aStamperia reale$b.$0(OLS)http://semarc/name/4026 710 1 $aRegno Lombardo-Veneto.$0(OLS)http://semarc/name/1951 773 0 $t[Miscellanea.$w()24879 850 $aSeMil 852 $aSeMil$W1$xVenegono$y1$m5B II 15/5 FA$j152248$B152248$CSeMilBibl$Z2$F163391 $8I 996 $6245$aIstruzione per l'insegnamento della geografia e storia$9(OLS)http://semarc/title/291958 996 $6260$aMilano :$bDall'Imp. Regia Stamperia$9(OLS)http://semarc/publisher/33173